Ethnic groups in Mauritania - Statistics

General Stats
  • This quiz has been taken 39 times
    14 since last reset
  • The average score is 5 of 9
Answer Stats
Family Population Ethnicity % Correct
Afroasiatic (Semitic) 1.28 million Arab
91%
Niger-Congo (Senegambian) 900 k Fulani
82%
Afroasiatic (Berber) 152 k Tuareg
73%
Niger-Congo (Senegambian) 230 k Wolof
73%
Afroasiatic (Semitic)Niger-Congo (Mande) 1.5 million Haratin
45%
Niger-Congo (Mande) 34 k Bambara
36%
Niger-Congo (Mande) 237 k Soninke
27%
Niger-Congo (Senegambian) 200 k Serer
18%
Afroasiatic (Berber) 6 k Zenaga
9%
No matching quizzes found
Score Distribution
Percent of People with Each Score
Percentile by Number Answered
Your Score History
You have not taken this quiz since the last reset